00814nam a2200229Ia 450000500170000000800410001704000190005804100120007708200150008924500620010426000550016630000170022144000240023865000290026265100180029170000170030985000100032694200070033699900160034395201120035995201130047120230321104523.0131103s9999 xx 000 0 und d aLoreto College aEnglish a822.8bIBS aEleven plays of Henrik Ibsencintroduction by H.L.Mencken aUnited States of AmericabRandom Housec[19 - - ?] axiv,1185 p.  aThe Modern Library  aIbsen,Henrik,1828 - 1906 aEnglish drama aMencken,H.L. aLCLIB cBK c4267d54746 00102ddc4070aMAINbMAINd2013-11-04l2o822.8 IBS 966pB24776r2014-09-18s2014-09-03w2013-11-04yBKf 00102ddc4070aMAINbMAINd2013-11-04l4o822.8 IBS 40991pB4135r2025-04-04s2025-03-28w2013-11-04yBKf